00794pam a2200253 i 4500001000800000005001700008008004100025010001700066015000900083020003500092020004200127040001800169041000800187080001500195082001500210100000700225101000800232245007100240504004100311906004500352942001200397999001700409952011400426181003720171228033703.0790829s1980 enka b 000 0 eng  a 79041019  aGB80 a008024047X :c£20.00 ($40.00) a0080240461 (pbk.) :c£12.50 ($25.00) aDLCcDLCdDLC aeng a338.06 ROS00a338.06 ROS1 a52 aEKO14aThe economics of production and innovation :cby Gerhard Rosegger. aIncludes bibliographies and indexes. a7bcbccorignewd1eocipf19gy-gencatlg 2ddccBK c39508d39508 00102udc40708PËKGa002b002cPËKGd2017-12-28l0o338.06 ROSp002-2939927r2017-12-28w2017-12-28yBK